LEADER 01859nam 2200589 450 001 9910459738803321 005 20200520144314.0 010 $a1-62036-197-3 035 $a(CKB)3710000000380271 035 $a(EBL)3037637 035 $a(SSID)ssj0001461951 035 $a(PQKBManifestationID)12560107 035 $a(PQKBTitleCode)TC0001461951 035 $a(PQKBWorkID)11479431 035 $a(PQKB)11052157 035 $a(MiAaPQ)EBC3037637 035 $a(Au-PeEL)EBL3037637 035 $a(CaPaEBR)ebr11035805 035 $a(OCoLC)907339431 035 $a(EXLCZ)993710000000380271 100 $a20140306h20142014 uy| 0 101 0 $aeng 135 $aur|n|---||||| 181 $ctxt$2rdacontent 182 $cc$2rdamedia 183 $acr$2rdacarrier 200 10$aGetting started with team-based learning /$fJim Sibley and Pete Ostafichuk ; with Bill Roberson, Billie Franchini, and Karla Kubitzv ; foreword by Larry K. Michaelsen 205 $aFirst edition. 210 1$aSterling, Virginia :$cStylus Publishing,$d[2014] 210 4$dİ2014 215 $a1 online resource (262 p.) 311 $a1-62036-195-7 320 $aIncludes bibliographical references and index. 606 $aGroup work in education 606 $aTeam learning approach in education 608 $aElectronic books. 615 0$aGroup work in education. 615 0$aTeam learning approach in education. 676 $a371.3/6 700 $aSibley$b Jim$01044516 702 $aOstafichuk$b Pete 702 $aRoberson$b Bill 702 $aFranchini$b Bill 702 $aKubitzv$b Karla 702 $aMichaelsen$b Larry K.$f1943- 801 0$bMiAaPQ 801 1$bMiAaPQ 801 2$bMiAaPQ 906 $aBOOK 912 $a9910459738803321 996 $aGetting started with team-based learning$92470231 997 $aUNINA LEADER 03596nam 2200625 a 450 001 9910961384003321 005 20200520144314.0 010 $a1-4985-1512-6 010 $a0-7391-8403-2 035 $a(CKB)2670000000385893 035 $a(EBL)1224657 035 $a(OCoLC)852158421 035 $a(SSID)ssj0000916502 035 $a(PQKBManifestationID)12429713 035 $a(PQKBTitleCode)TC0000916502 035 $a(PQKBWorkID)10877373 035 $a(PQKB)11250535 035 $a(Au-PeEL)EBL1224657 035 $a(CaPaEBR)ebr10726015 035 $a(CaONFJC)MIL501384 035 $a(MiAaPQ)EBC1224657 035 $a(EXLCZ)992670000000385893 100 $a20130711d2013 uy 0 101 0 $aeng 135 $aur|n|---||||| 181 $ctxt 182 $cc 183 $acr 200 00$aUnderstanding Turkey's Kurdish Question /$fedited by Fevzi Bilgin and Ali Sarihan 210 $aLanham, Md. $cLexington Books$dc2013 215 $a1 online resource (273 p.) 300 $aIncludes index. 311 08$a1-299-70133-7 311 08$a0-7391-8402-4 327 $aContents; Introduction; Part I: The Genesis and the Legacy of Kurdish Nationalism; Chapter One: Early Kurdish "Nationalists" and the Emergence of Modern Kurdish Identity Politics: 1851 to 1908; Chapter Two: The Kurdish Issue in Turkey: Its Social, Political, and Cultural Dimensions; Chapter Three: The "Kurdish Question" Revisited:Modernity, Nationalism, and Citizenship in Turkey; Part II: The Kurdish Question Today: the Movement, the Conflict, and the Future; Chapter Four: On Turkey's Kurdish Question: Its Roots, Present State, Prospects 327 $aChapter Five: The Multifaceted Kurdish Movement in TurkeyChapter Six: The Two Periods of the PKK Conflict: 1984-1999 and 2004-2010; Chapter Seven: Ending Ceasefires for Political Survival: The Use of Diversionary Strategies by the PKK Leadership; Chapter Eight: Turkey and the Democratic Opening for the Kurds; Chapter Nine: Explaining Turkey's Failure to Develop a Political Solution for the Kurdish Problem; Part III: Civil Society Efforts in Turkey's Kurdish Region; Chapter Ten: Revitalization of Kurdish Islamic Sphere and Revival of Hizbullah in Turkey 327 $aChapter Eleven: The Hizmet Movement and the Kurdish QuestionPart IV: International Dimensions of the Kurdish Question; Chapter Twelve: Turkey's Kurdish Question ,the United States, and Europe: Historical Perspective; Chapter Thirteen: International Dimensions of the "Kurdish Question" in Turkey; Index; About the Contributors 330 $aThis volume, comprising chapters by leading academics and exports, delves into the complicated nature of Turkey's Kurdish issue. The volume discusses the evolution of Kurdish nationalism, the contemporary Kurdish movement and its violent legacy, civil society efforts in Turkey's Kurdish region, and the international dimensions of the Kurdish question. 606 $aKurds$zTurkey$xHistory 606 $aKurds$zTurkey$xPolitics and government 606 $aKurds$zTurkey$xHistory$xAutonomy and independence movements 607 $aTurkey$xEthnic relations 615 0$aKurds$xHistory. 615 0$aKurds$xPolitics and government. 615 0$aKurds$xHistory$xAutonomy and independence movements. 676 $a305.891/5970561 701 $aSar?han$b Ali$01846299 701 $aBilgin$b Fevzi$01846300 801 0$bMiAaPQ 801 1$bMiAaPQ 801 2$bMiAaPQ 906 $aBOOK 912 $a9910961384003321 996 $aUnderstanding Turkey's Kurdish Question$94430518 997 $aUNINA